[Event "Hafnarfjordur op"]
[Site "Hafnarfjordur"]
[Date "1996.??.??"]
[Round "9"]
[White "Blees, Albert"]
[Black "Vidarsson, Jon G"]
[Result "1-0"]
[WhiteElo "2415"]
[BlackElo "2360"]

1.e4 c5 2.Nf3 e6 3.d4 cxd4 4.Nxd4 a6 5.Bd3 g6 6.O-O Bg7 7.Nf3 d6 8.c4 Nc6
9.Nc3 Nf6 10.Bf4 O-O 11.Be2 e5 12.Bg5 h6 13.Be3 Ng4 14.Bc1 f5 15.g3 Nf6 16.Nh4 Ne7
17.exf5 gxf5 18.b3 Nc6 19.Bf3 e4 20.Be2 Ne5 21.Bf4 Re8 22.Qd2 Nf7 23.Rad1 Qb6
24.Rfe1 Rd8 25.Bf1 Be6 26.Nd5 Bxd5 27.cxd5 Ng4 28.Nxf5 Bc3 29.Qe2 Nfe5 30.Bxe5 Nxe5
31.Qxe4 Bxe1 32.Rxe1 Rf8 33.Nxh6+ Kg7 34.Nf5+ Kg8 35.Qf4 Rf6 36.Rxe5 dxe5
37.Qg5+ Rg6 38.Ne7+ Kf7 39.Nxg6 Qxg6 40.Qxe5 Re8 41.Qf4+ Kg7 42.Qd4+ Qf6
43.Qg4+ Kf8 44.Bd3 Qc3 45.Qf4+ Kg7 46.Qg5+ Kf8 47.Qf5+ Kg7 48.Qg6+ Kf8 49.d6 Re1+
50.Kg2 Qc6+ 51.f3 Qc3 52.Qh6+ Ke8 53.Bg6+ Kd7 54.Bf5+ Kc6 55.d7+ Kc7 56.d8=Q+ Kxd8
57.Qd6+  1-0

[Event "Hallsberg op"]
[Site "Hallsberg"]
[Date "1996.??.??"]
[Round "4"]
[White "Sammalvuo, Tapani"]
[Black "Tisdall, Jonathan D"]
[Result "1-0"]
[WhiteElo "2325"]
[BlackElo "2510"]

1.e4 c5 2.Nf3 e6 3.d4 cxd4 4.Nxd4 a6 5.Bd3 g6 6.O-O Bg7 7.Nb3 d6 8.c4 Nf6
9.Nc3 O-O 10.Bf4 Qe7 11.Be2 Rd8 12.Qd2 b5 13.cxb5 axb5 14.Bxb5 Bb7 15.Rfe1 d5
16.Rad1 Na6 17.Bxa6 Bxa6 18.exd5 Nxd5 19.Nxd5 Qf8 20.Bd6 Qxd6 21.Nf6+ Bxf6
22.Qxd6 Rxd6 23.Rxd6 Bc4 24.Rc1 Bd5 25.Rd1 Bxb2 26.R6xd5 exd5 27.Rxd5 Bc3
28.Rc5 Bb4 29.Rb5 Bc3 30.Rc5 Bb4 31.Rc4 Bd6 32.Rd4 Be5 33.Rd2 h5 34.Kf1 Kg7
35.h3 Bc3 36.Rc2 Bf6 37.Ke2 Be5 38.Kf3 Ra3 39.Rc5 Bd6 40.Ra5 Kf6 41.Rxa3 Bxa3
42.Ke4 Kg5 43.Nd2 Bc5 44.Kd5 Bb4 45.Nf3+ Kf5 46.a4 g5 47.Ne5 g4 48.hxg4+ hxg4
49.Nxf7 Be1 50.Nd6+ Kf4 51.Ne4 g3 52.Nxg3 Bxf2 53.Ne2+ Ke3 54.g4  1-0

[Event "Helsinki op"]
[Site "Helsinki"]
[Date "1996.??.??"]
[Round "?"]
[White "Agopov, Mikael"]
[Black "Pyhala, Antti"]
[Result "0-1"]
[WhiteElo "2295"]
[BlackElo "2325"]

1.e4 c5 2.Nf3 e6 3.d4 cxd4 4.Nxd4 a6 5.Bd3 g6 6.Be3 Bg7 7.Nc3 Nc6 8.Nb3 Nge7
9.O-O O-O 10.Qd2 f5 11.Bh6 Bxh6 12.Qxh6 f4 13.f3 d6 14.g3 b5 15.gxf4 Qb6+
16.Kg2 Qe3 17.Ne2 Ne5 18.Rae1 N7c6 19.Ned4 Qxf4 20.Qxf4 Rxf4 21.Ne2 Rf7 22.f4 Nxd3
23.cxd3 Nb4 24.Nec1 Bb7 25.a3 Nc6 26.Ne2 e5 27.fxe5 Rxf1 28.Rxf1 Nxe5 29.Na5 Rb8
30.Nxb7 Rxb7 31.Nf4 Rf7 32.h4 h6 33.b3 g5 34.hxg5 hxg5 35.Ne6 Nxd3 36.Rd1 Rf6
37.Rxd3 Rxe6 38.Kf3 Kf7 39.Rd5 Kg6 40.a4 bxa4 41.bxa4 Kh5 42.Rd1 g4+ 43.Kg3 Rxe4
44.Rd5+ Re5 45.Rxd6 a5 46.Rd3 Kg5 47.Rc3 Kf5 48.Rb3 Rc5 49.Rd3 Ke4 50.Rd8 Rc4
51.Kxg4 Rxa4 52.Re8+ Kd3+ 53.Kf3 Rd4 54.Ra8 a4 55.Ra7 Rc4 56.Ra8 Rb4 57.Ra7 Kc2
58.Ke2 Kb2  0-1

[Event "Helsinki op"]
[Site "Helsinki"]
[Date "1996.??.??"]
[Round "?"]
[White "Sammalvuo, Tapani"]
[Black "Pyhala, Antti"]
[Result "1-0"]
[WhiteElo "2370"]
[BlackElo "2325"]

1.e4 c5 2.Nf3 e6 3.d4 cxd4 4.Nxd4 a6 5.Bd3 g6 6.c4 Bg7 7.Nb3 d6 8.Nc3 Nf6
9.Be2 Nc6 10.Bf4 e5 11.Bg5 h6 12.Be3 O-O 13.Qd2 Kh7 14.Rd1 Be6 15.Qxd6 Qc8
16.Bb6 Nd7 17.Na4 Qe8 18.O-O Nxb6 19.Nxb6 Rd8 20.Qc7 Nd4 21.Nxd4 exd4 22.Bd3 Qc6
23.Qxc6 bxc6 24.b4 f5 25.exf5 Bxf5 26.Rfe1 Rfe8 27.Rxe8 Rxe8 28.Bxf5 gxf5
29.Kf1 Bf8 30.c5 a5 31.Rxd4 axb4 32.Nd7 Bg7 33.Rxb4 Bc3 34.Rb1 Ra8 35.Rb3 Bd4
36.Rb4 Bg7 37.a4 Rd8 38.Nb8 Rd1+ 39.Ke2 Rc1 40.Nxc6 Rxc5 41.Nd4 Kg6 42.Rb6+ Kh5
43.Ne6 Re5+ 44.Kf3 Kg6 45.Nxg7+ Kxg7 46.Rb5 Re4 47.Rxf5 Rxa4 48.g4 Kg6 49.Kg3 Ra1
50.Rb5 Rg1+ 51.Kf3 Kf6 52.Rb6+ Kg7 53.h4 h5 54.Rb4 Rh1 55.g5 Kg6 56.Kg2 Ra1
57.Rb6+ Kf5 58.f3 Kf4 59.Rf6+ Ke5 60.Rh6 Kf4 61.Rxh5 Ra2+ 62.Kh3 Ra3 63.g6 Rxf3+
64.Kh2 Kg4 65.g7 Kxh5 66.g8=Q Kxh4 67.Kg2 Rf5 68.Qg3+ Kh5 69.Kh3 Rg5 70.Qd6 Rf5
71.Qe6 Rf3+ 72.Kg2 Rf8 73.Kg3 Kg5 74.Qe5+ Kh6 75.Qd6+ Kg7 76.Kg4 Rf6 77.Qe7+ Kg6
78.Qe8+ Rf7 79.Qe6+ Kg7 80.Kg5 Rf1 81.Qe5+ Kf7 82.Qc7+ Ke8 83.Qc8+ Ke7 84.Qc5+ Kd8
85.Qd5+ Ke7 86.Qc5+ Kd8 87.Qb6+ Ke7 88.Qb4+ Kd8 89.Qd2+  1-0

[Event "ROM-chT"]
[Site "Herculane"]
[Date "1996.??.??"]
[Round "?"]
[White "Vasiesiu, Dan"]
[Black "Zetocha, Claudiu"]
[Result "0-1"]
[WhiteElo "2425"]
[BlackElo "2355"]

1.e4 c5 2.Nf3 e6 3.d4 cxd4 4.Nxd4 a6 5.Bd3 Nf6 6.O-O d6 7.c4 Be7 8.Nc3 Qc7
9.Be3 O-O 10.Rc1 Nbd7 11.f4 b6 12.Bb1 Re8 13.g4 g6 14.g5 Nh5 15.Nde2 Bb7
16.Rf3 Rac8 17.Rh3 Qd8 18.b3 Ng7 19.Qe1 f6 20.Qh4 Nf8 21.Qh6 b5 22.Rd1 bxc4
23.gxf6 Bxf6 24.e5 Nf5 25.Bxf5 Bg7 26.Qh4 Qxh4 27.Rxh4 exf5 28.Rxd6 Re6 29.Rd2 cxb3
30.axb3 g5 31.Rh5 gxf4 32.Bxf4 Ng6 33.Rd7 Re7 34.Rxe7 Nxe7 35.Rh3 Ng6 36.Re3 Bf8
37.Na4 Be4 38.Bg3 Bb4 39.h4 Bd2 40.Kf2 Bxe3+ 41.Kxe3 Bc2 42.Nd4 Bxb3 43.Nxb3 f4+
44.Bxf4 Nxf4 45.Nbc5 Ng2+ 46.Kd4 Nxh4 47.e6 Ng6 48.Nxa6 h5 49.N6c5 h4 50.Ne4 h3
51.Nf2 h2 52.Nc5 Ne7 53.Nce4 Rc1 54.Ng3 Rg1 55.Nfh1 Kg7 56.Ke5 Kg6 57.Kd6 Nf5+
58.Kd7 Kg5  0-1

[Event "ROM-ch"]
[Site "Herculane"]
[Date "1996.??.??"]
[Round "10"]
[White "Milu, Romeo Sorin"]
[Black "Ionescu, Constantin"]
[Result "1/2-1/2"]
[WhiteElo "2440"]
[BlackElo "2520"]

1.e4 c5 2.Nf3 e6 3.d4 cxd4 4.Nxd4 a6 5.Bd3 Nf6 6.O-O d6 7.c4 Bd7 8.Nc3 Nc6
9.Be3 Be7 10.Rc1 Nxd4 11.Bxd4 O-O  1/2-1/2

[Event "NLD-chT9697"]
[Site "Holland"]
[Date "1996.??.??"]
[Round "?"]
[White "Timmermans, Ivo"]
[Black "Lont, Addy"]
[Result "1/2-1/2"]
[WhiteElo "2295"]
[BlackElo "2335"]

1.e4 c5 2.Nf3 e6 3.d4 cxd4 4.Nxd4 a6 5.Bd3 Bc5 6.Nb3 Ba7 7.Nc3 Nc6 8.Qe2 d6
9.Be3 Nf6 10.O-O b5 11.a3 O-O 12.Rad1 Qc7 13.Bxa7 Qxa7 14.Kh1 Ne7 15.f4 e5
16.fxe5 dxe5 17.Rde1 Be6 18.Nd2 Ng6 19.Nf3 Rad8 20.Nd1 Nf4 21.Qe3 Qxe3 22.Nxe3 Nxd3
23.cxd3 Rxd3 24.Nxe5 Rd2 25.Nd1 Re8 26.Nf3 Rd3 27.Nf2 Rb3 28.Rb1 Re3 29.Rfe1 Rxe1+
30.Rxe1 Rc8 31.Nd4 Bd7 32.Kg1 Kf8 33.Kf1 g6 34.e5 Nd5 35.Nd3 Rc4 36.e6 Be8
37.exf7 Bxf7 38.Ne6+ Bxe6 39.Rxe6 Rd4 40.Nc5 a5 41.Ra6 Rd2 42.Rxa5 Rxb2 43.g3 Ke7
44.Ra6 Rxh2 45.Re6+ Kf7 46.Re5 Nc3 47.Re3 Rc2 48.Nb3 Kf6 49.Nd4 Rc1+ 50.Kg2 h5
51.Re6+ Kf7 52.Re5 Ra1 53.Nxb5 Ra2+ 54.Kf3 Nxb5 55.Rxb5 Rxa3+ 56.Kf4 Ra4+
57.Kf3 h4 58.gxh4 Rxh4 59.Kg3 Ra4 60.Rb6 Ra3+ 61.Kg4 Kg7 62.Rb7+ Kh6 63.Rb5 Ra4+
64.Kg3 g5 65.Rb6+ Kh5 66.Rb3 Ra2 67.Rc3 Ra5 68.Rb3  1/2-1/2

[Event "NLD-chT9697"]
[Site "Holland"]
[Date "1996.??.??"]
[Round "?"]
[White "Tjiam, Dharma"]
[Black "Nijboer, Friso"]
[Result "1-0"]
[WhiteElo "2340"]
[BlackElo "2475"]

1.e4 c5 2.Nf3 e6 3.d4 cxd4 4.Nxd4 a6 5.Bd3 g6 6.O-O Bg7 7.Be3 Ne7 8.c4 O-O
9.Nc3 d5 10.exd5 exd5 11.Rc1 Nbc6 12.Nxc6 bxc6 13.Bc5 Be6 14.cxd5 cxd5 15.Re1 Re8
16.b4 d4 17.Ne4 Nd5 18.Qf3 Nc3 19.Nd6 Re7 20.Nb7 Rxb7 21.Qxb7 Nxa2 22.Rb1 Bd5
23.Qe7 Qc8 24.Qd6 Nc3 25.Ra1 Qg4 26.Qg3 Qxg3 27.hxg3 Na2 28.Bxa6 d3 29.Bxd3 Bxa1
30.Rxa1 Rb8 31.b5 Rc8 32.Bd6 Nc1 33.Bf1 Nb3 34.Rd1 Bb7 35.Be5 Nc5 36.b6 Ne6
37.Rd7 Nc5 38.Re7 Bd5 39.Bd6 Nb7 40.Bc7 Ra8 41.Re5 Bc6 42.Re1 h5 43.Rc1 Bd5
44.Bb5 Ra5 45.Bd7 Kf8 46.Bf4 Ra6 47.Be3 Nd8 48.Rd1 Ra5 49.Bd2 Bb3 50.Bb4+ Kg7
51.Bc3+ Kh7 52.Rb1 Rd5 53.Be8  1-0

[Event "NLD-chT9697"]
[Site "Holland"]
[Date "1996.??.??"]
[Round "?"]
[White "Jonker, Marc"]
[Black "Reinderman, Dimitri"]
[Result "0-1"]
[WhiteElo "2300"]
[BlackElo "2495"]

1.e4 c5 2.Nf3 e6 3.d4 cxd4 4.Nxd4 a6 5.Bd3 Bc5 6.Nb3 Ba7 7.O-O Ne7 8.Qe2 Nbc6
9.Be3 d6 10.Bxa7 Rxa7 11.N1d2 O-O 12.a4 e5 13.Rfd1 a5 14.Bb5 Qc7 15.c3 Ra8
16.Nf1 b6 17.Ne3 Bb7 18.Nd2 Rac8 19.Ndc4 Rcd8 20.Na3 g6 21.Bc4 Na7 22.Nd5 Bxd5
23.Bxd5 Kg7 24.Qa6 f5 25.Nc4 Nac8 26.b4 fxe4 27.bxa5 Qc5 28.Ne3 bxa5 29.c4 Nf5
30.Qb7+ Kh8 31.Qb5 Qa7 32.Ra3 Nce7 33.g4 Rb8  0-1

[Event "HUN-chT1 9596"]
[Site "HUN"]
[Date "1996.??.??"]
[Round "8"]
[White "Horvath, Gyula"]
[Black "Izsak, Gyula"]
[Result "1/2-1/2"]
[WhiteElo "2455"]
[BlackElo "2445"]

1.e4 c5 2.Nf3 e6 3.d4 cxd4 4.Nxd4 a6 5.Bd3 Nf6 6.O-O d6 7.c4 Nc6 8.Nxc6 bxc6
9.Nc3 Be7 10.Qe2 e5 11.c5 dxc5 12.Na4 O-O 13.Qc2 Be6 14.Be3 Nd7 15.Rfd1 Qa5
16.b3 Rfd8 17.Rac1 h6 18.h3 Bf8 19.Qe2 Qb4 20.Bd2 Qb7 21.Be3 a5 22.Rd2 Rdc8
23.Bc4 Bxc4 24.Qxc4 Rd8 25.Rcd1 Be7 26.Nxc5 Nxc5 27.Bxc5 Rxd2 28.Rxd2 Rd8
29.Rxd8+ Bxd8 30.Bd6 Bc7 31.Qc5 Bxd6 32.Qxd6 Qb5 33.g3 f6  1/2-1/2

[Event "HUN-chT2 9596"]
[Site "HUN"]
[Date "1996.??.??"]
[Round "8"]
[White "Magyar, Otto"]
[Black "Horvath, Csaba"]
[Result "0-1"]
[WhiteElo "2325"]
[BlackElo "2500"]

1.e4 c5 2.Nf3 e6 3.d4 cxd4 4.Nxd4 a6 5.Bd3 Bc5 6.Nb3 Ba7 7.Qe2 Nc6 8.O-O d6
9.Kh1 Nf6 10.Nc3 O-O 11.Bg5 h6 12.Bh4 g5 13.Bg3 e5 14.Bc4 Be6 15.Nd5 Bxd5
16.Bxd5 Nxd5 17.exd5 Ne7 18.Rfd1 Rc8 19.c4 f5 20.f3 f4 21.Be1 Nf5 22.Rac1 Ne3
23.Bf2 Nxd1 24.Bxa7 Ne3 25.Bxe3 fxe3 26.Qxe3 Rf4 27.Nd2 Rd4 28.h3 Qf8 29.Re1 Qf4
30.Qxf4 gxf4 31.Re2 Kf8 32.b3 b5 33.Kh2 Ke7  0-1

[Event "HUN-chT1 9596"]
[Site "HUN"]
[Date "1996.??.??"]
[Round "10"]
[White "Meszaros, Gyorgy"]
[Black "Orso, Miklos"]
[Result "0-1"]
[WhiteElo "2200"]
[BlackElo "2380"]

1.e4 c5 2.Nf3 e6 3.d4 cxd4 4.Nxd4 a6 5.Bd3 Nc6 6.Be3 Nf6 7.O-O d5 8.exd5 Nxd5
9.Nxc6 bxc6 10.Be4 Qc7 11.Qf3 Bb7 12.c4 Nxe3 13.Qxe3 Bd6 14.f4 O-O 15.Kh1 f5
16.Bc2 c5 17.Nc3 Rf6 18.Rf2 Rg6 19.Rg1 Rf8 20.h3 Rff6 21.Kh2 Rh6 22.Rd1 g5
23.Rxd6 Qxd6 24.Qe5 Qxe5 25.fxe5 Rf7 26.Rd2 g4 27.Na4 Rc7 28.Rd6 gxh3 29.gxh3 Rg6
30.Rd2 Kf8 31.Rd8+ Kg7 32.Rd2 Kh6 33.Bd3 Ba8 34.Nb6 Bc6 35.Bf1 Kg5 36.Rf2 f4
37.Bd3 Rgg7 38.Rf1 Rb7 39.Rg1+ Kh6 40.Rxg7 Kxg7  0-1

[Event "HUN-chT1 9596"]
[Site "HUN"]
[Date "1996.??.??"]
[Round "11"]
[White "Rigo, Janos"]
[Black "Orso, Janos"]
[Result "0-1"]
[WhiteElo "2310"]
[BlackElo "2295"]

1.e4 c5 2.Nf3 e6 3.d4 cxd4 4.Nxd4 a6 5.Bd3 Nc6 6.Nxc6 dxc6 7.O-O e5 8.Nd2 Be6
9.Qh5 Nf6 10.Qxe5 Bd6 11.Qc3 Qc7 12.Nf3 Ng4 13.h3 h5 14.hxg4 hxg4 15.e5 gxf3
16.exd6 Qxd6 17.g3 Qd5 18.Re1 Qh5 19.Rxe6+ fxe6 20.Bg6+ Qxg6 21.Qxf3 Qxc2
22.Bg5 Qf5 23.Qxf5 exf5 24.Re1+ Kf7 25.Re7+ Kg6 26.Bf4 b5 27.Re6+ Kh5 28.Rxc6 g5
29.Be5 Rh6 30.Rc5 Re6 31.Kg2 Rd8 32.Bc3 Kg6 33.a4 bxa4 34.Ra5 Rd1 35.Rxa4 Rc1
36.g4 fxg4 37.Rxg4 Rc2 38.Ra4 Kh5 39.Ra5 Kh4 40.Bd4 Re4 41.Bf6 Rg4+ 42.Kf1 Kh3
43.Bxg5 Rxb2 44.Ra3+ Kh2 45.Rg3 Rxg3 46.Bf4 a5 47.fxg3 a4 48.g4+ Kh3 49.g5 a3
50.Be5 Rb5 51.Bf6 a2 52.Ke2 Rxg5  0-1

[Event "HUN-chT1 9596"]
[Site "HUN"]
[Date "1996.??.??"]
[Round "11"]
[White "Fusthy, Zsolt"]
[Black "Kustar, Sandor"]
[Result "1/2-1/2"]
[WhiteElo "2300"]
[BlackElo "2435"]

1.e4 c5 2.Nf3 e6 3.d4 cxd4 4.Nxd4 a6 5.Bd3 Nf6 6.O-O Qc7 7.Nd2 Bc5 8.N2b3 Be7
9.f4 d6 10.Qe2 Nbd7 11.Bd2 Nc5  1/2-1/2

[Event "HUN-chT1 9596"]
[Site "HUN"]
[Date "1996.??.??"]
[Round "12"]
[White "Anka, Emil"]
[Black "Erdelyi, Tamas"]
[Result "1/2-1/2"]
[WhiteElo "2410"]
[BlackElo "2305"]

1.e4 c5 2.Nf3 e6 3.d4 cxd4 4.Nxd4 a6 5.Bd3 Nf6 6.O-O d6 7.c4 Nbd7 8.Nc3 g6
9.Be3 Bg7 10.Rc1 O-O 11.Be2 Qc7 12.Qd2 b6 13.f3 Re8 14.Rfd1 Bf8 15.b4 Bb7
16.Nb3 Rac8 17.a3 Qb8 18.Bf1 Be7 19.Kh1 Bd8 20.Qf2 h5 21.Bd4 Bc7 22.Qh4 Bd8
23.Qf2 Bc7 24.Qh4 Bd8 25.Qg3 Bc7 26.Qh3 Qa8 27.Nd2 Bd8 28.Re1 Be7 29.Qg3 Qb8
30.Na4 Bc6 31.b5 axb5 32.cxb5 Ba8 33.Nc4 e5 34.Be3 d5 35.exd5 Nxd5 36.Bg5 Bf8
37.Bd2 Re6 38.Bd3 Bg7 39.Qf2 Qa7 40.Ncb2 Rce8 41.Bc4 e4 42.fxe4 Rxe4 43.Rxe4 Rxe4
44.Nc3 Re5 45.Nxd5 Bxd5 46.Bxd5 Rxd5 47.Nc4 Nc5 48.Bb4  1/2-1/2

[Event "HUN-chT1 9596"]
[Site "HUN"]
[Date "1996.??.??"]
[Round "13"]
[White "Feher, Gyula"]
[Black "Orgovan, Sandor"]
[Result "1/2-1/2"]
[WhiteElo "2420"]
[BlackElo "2325"]

1.e4 c5 2.Nf3 e6 3.d4 cxd4 4.Nxd4 a6 5.Bd3 Nf6 6.O-O d6 7.c4 Be7 8.Nc3 O-O
9.Kh1 Nc6 10.Nxc6 bxc6 11.f4 e5 12.f5 Bb7 13.Bg5 h6 14.Bh4 d5 15.Bxf6 Bxf6
16.cxd5 cxd5 17.Nxd5 Bxd5 18.exd5 Qxd5 19.Qe2 Qa5 20.Bc4 Rfd8 21.Rad1 Rd4  1/2-1/2

[Event "HUN-chT1 9697"]
[Site "Hungary"]
[Date "1996.??.??"]
[Round "1"]
[White "Horvath, Gyula"]
[Black "Izsak, Gyula"]
[Result "1-0"]
[WhiteElo "2445"]
[BlackElo "2435"]

1.e4 c5 2.Nf3 e6 3.d4 cxd4 4.Nxd4 a6 5.Bd3 Nc6 6.Be3 Nf6 7.Nc3 d6 8.f4 Qc7
9.Qf3 Be7 10.Nb3 Nd7 11.O-O-O b5 12.g4 Bb7 13.g5 Nb4 14.Kb1 Nxd3 15.cxd3 Nc5
16.Bd4 Nxb3 17.axb3 O-O 18.Rc1 Qd7 19.Rhg1 Rac8 20.Qh3 Rfd8 21.Bf6 b4 22.Ne2 Rxc1+
23.Nxc1 Rc8 24.Bxe7 Qxe7 25.f5 exf5 26.exf5 Qd7 27.Qf1 a5 28.Qf4 Qc7 29.Qd2 Qc5
30.Rf1 Qb5 31.Rf4 Qe5 32.h4 Ba6 33.f6 Qd5 34.Qe3 a4 35.Rxb4 axb3 36.Rxb3 h5
37.Rc3 Rxc3 38.bxc3 Qb5+ 39.Kc2 Qa4+ 40.Kd2 Qxh4 41.g6 Qh2+ 42.Ne2 Qe5 43.gxf7+ Kf8
44.fxg7+ Kxg7 45.Qg1+ Kxf7 46.Qa7+ Kg6 47.Qxa6 h4 48.Qc8 Qg5+ 49.Ke1  1-0

[Event "HUN-chT1 9697"]
[Site "Hungary"]
[Date "1996.??.??"]
[Round "5"]
[White "Cao Sang"]
[Black "Orso, Miklos"]
[Result "1-0"]
[WhiteElo "2455"]
[BlackElo "2410"]

1.e4 c5 2.Nf3 e6 3.d4 cxd4 4.Nxd4 a6 5.Bd3 Nc6 6.Nxc6 bxc6 7.O-O d5 8.c4 Nf6
9.Nc3 d4 10.Na4 c5 11.e5 Nd7 12.f4 g6 13.Be4 Rb8 14.Qf3 Qc7 15.Bd2 Bb7 16.Rae1 Bxe4
17.Rxe4 Be7 18.b3 Qc6 19.Qe2 h5 20.Rf3 Nb6 21.Nb2 Nc8 22.Rh3 Rg8 23.Nd3 Bf8
24.Nf2 Ne7 25.Qf3 Nf5 26.Re2 Qxf3 27.Rxf3 Be7 28.Ne4 Kd7 29.g3 Kc6 30.h3 Rbf8
31.Rd3 f6 32.exf6 Bxf6 33.g4 Ng7 34.b4 Be7 35.a3 Rb8 36.bxc5 Bxc5 37.Ng5 Rge8
38.Nf3 Rb1+ 39.Kg2 hxg4 40.hxg4 Reb8 41.Nxd4+ Bxd4 42.Rxd4 R1b2 43.Rf2 R2b3
44.Bb4 a5 45.Be7 Re3 46.Rd6+ Kc7 47.Rfd2 Ne8 48.Bd8+ Kc8 49.Rc6+ Kb7 50.Rb6+ Kc8
51.c5 Rxb6 52.cxb6 Kb7 53.Bh4 e5 54.Bf2 exf4 55.Bxe3 fxe3 56.Rd3 Kxb6 57.Rxe3 Nc7
58.Kf3 a4 59.Re4 Kb5 60.Kf4 Nd5+ 61.Kg5 Nc3 62.Rb4+ Ka5 63.Kxg6 Nb5 64.Rxb5+ Kxb5
65.Kf5 Kc4 66.g5 Kb3 67.g6 Kxa3 68.g7 Kb2 69.g8=Q a3 70.Qg2+ Kb1 71.Qf1+ Kb2
72.Qe2+ Kb1 73.Qe1+ Kb2 74.Qb4+ Ka2 75.Ke4  1-0

[Event "HUN-chT1 9697"]
[Site "Hungary"]
[Date "1996.??.??"]
[Round "5"]
[White "Borocz, Istvan"]
[Black "Fogarasi, Tibor"]
[Result "0-1"]
[WhiteElo "2415"]
[BlackElo "2500"]

1.e4 c5 2.Nf3 e6 3.d4 cxd4 4.Nxd4 a6 5.Bd3 Qc7 6.O-O Nf6 7.Nc3 Nc6 8.Be3 Ne5
9.h3 Bc5 10.Kh1 d6 11.f4 Ng6 12.Qf3 O-O 13.f5 Ne5 14.Qg3 Kh8 15.Qh4 Bd7 16.Nce2 exf5
17.exf5 d5 18.Bg5 Qb6 19.Rf4 Rae8 20.Raf1 Nxd3 21.cxd3 Re3 22.Nc1 Rfe8 23.Nc2 Qxb2
24.Nxe3 Bxe3 25.R4f3 Bxg5 26.Qxg5 h6 27.Qf4 d4 28.R3f2 Qc3 29.Nb3 Qxd3 30.Rd2 Qc3
31.Qxd4 Qg3 32.Qf4 Qc3 33.Qd4 Qg3 34.Rd3 Qg5 35.Qf4 Qh5 36.Qf3 Qg5 37.Rd4 Bc6
38.Qf2 Qh5 39.Rh4 Qg5 40.Nd4 Bxg2+ 41.Qxg2 Qxh4 42.Rg1 Rg8 43.Nf3 Qf4 44.Re1 Qxf5
45.Ne5 Rf8 46.Qg3 Ne4 47.Qh2 Re8 48.Nd3 Qf3+  0-1

[Event "IRL-ch"]
[Site "Irland"]
[Date "1996.??.??"]
[Round "8"]
[White "Hurley, John"]
[Black "Welsh, Michael"]
[Result "1-0"]
[WhiteElo "2225"]
[BlackElo "2170"]

1.e4 c5 2.Nf3 e6 3.d4 cxd4 4.Nxd4 a6 5.Bd3 Bc5 6.Nb3 Ba7 7.O-O Nc6 8.Qe2 Nge7
9.c4 d6 10.Nc3 Qc7 11.Be3 O-O 12.f4 Bxe3+ 13.Qxe3 Nb4 14.Rad1 b6 15.Be2 Bb7
16.a3 Nbc6 17.Rd2 Rad8 18.Rfd1 Rfe8 19.Qf2 Ng6 20.g3 Nce7 21.h4 f5 22.Nd4 Nc6
23.Nxe6 Rxe6 24.exf5 Nxf4 25.Qxf4 Re5 26.Bf3 Na5 27.Qxe5 Bxf3 28.Qe6+ Kf8
29.Re1 Nxc4 30.Rf2 Bg4 31.Nd5 Qf7 32.Qxf7+ Kxf7 33.Rf4 Ne5 34.Nxb6 Nf3+ 35.Rxf3 Bxf3
36.Kf2 Bg4 37.Nd5 Bxf5 38.Re7+ Kf8 39.Ra7 Rb8 40.b4 Be4 41.Nc7 Rb7 42.Ne6+ Kg8
43.Ra8+ Kf7 44.Ng5+ Kf6 45.Nxe4+ Ke5 46.Ke3  1-0

[Event "Jakarta Gunadarma"]
[Site "Jakarta"]
[Date "1996.??.??"]
[Round "8"]
[White "Liu Dede"]
[Black "Torre, Eugenio"]
[Result "0-1"]
[WhiteElo "2405"]
[BlackElo "2535"]

1.e4 c5 2.Nf3 e6 3.d4 cxd4 4.Nxd4 a6 5.Bd3 g6 6.O-O Bg7 7.Be3 d6 8.Nc3 Nf6
9.f3 O-O 10.Qd2 Nc6 11.Rfe1 Qc7 12.Nxc6 bxc6 13.Na4 Nd7 14.Rad1 d5 15.Bh6 Bxh6
16.Qxh6 Bb7 17.f4 dxe4 18.Bxe4 Nb6 19.Nc5 Nd5 20.Kh1 Rad8 21.c4 Ne3 22.Rc1 Nf5
23.Qh3 Rd2 24.Qc3 Rdd8 25.Nd3 Nd6 26.Qe5 Qe7 27.Qc5 Qc7 28.Bf3 Nf5 29.Ne5 Rd6
30.Ng4 Qe7 31.Qe5 f6 32.Qc3 Kg7 33.c5 Rd4 34.Rcd1 Rfd8 35.Rxd4 Nxd4 36.Bd1 Bc8
37.b4 Qc7 38.Qe3 a5 39.a3 axb4 40.axb4 Nf5 41.Qc3 Rd4 42.g3 Qd8 43.Nf2 Rd2
44.Kg2 Qd4 45.Qxd4 Nxd4 46.Bf3 Ra2 47.Re4 e5 48.g4 Be6 49.Rxd4 exd4 50.Bxc6 d3
51.Kf3 d2 52.b5 Bb3 53.b6 d1=Q+ 54.Nxd1 Bxd1+ 55.Ke4 Bxg4 56.b7 Rb2 57.Kd5 Rxb7
58.Bxb7 Bf3+  0-1

[Event "ISR-ch"]
[Site "Jerusalem"]
[Date "1996.??.??"]
[Round "4"]
[White "Gruenfeld, Yehuda"]
[Black "Oratovsky, Michael"]
[Result "1-0"]
[WhiteElo "2510"]
[BlackElo "2485"]

1.e4 c5 2.Nf3 e6 3.d4 cxd4 4.Nxd4 a6 5.Bd3 g6 6.O-O Bg7 7.Nf3 Nc6 8.c4 Nge7
9.Nc3 O-O 10.Bg5 h6 11.Bh4 d6 12.Be2 e5 13.Bxe7 Qxe7 14.Qd2 Be6 15.Rad1 Rad8
16.Nd5 Qd7 17.b4 f5 18.b5 fxe4 19.bxc6 bxc6 20.Nh4 cxd5 21.Nxg6 Rf6 22.cxd5 Bf5
23.Nh4 Bh7 24.g3 Rdf8 25.Bh5 Rf3 26.Qe2 Ra3 27.Bg6 Bf6 28.Bxh7+ Qxh7 29.Qg4+ Bg5
30.Qe6+ Qf7 31.Qxd6 Rxa2 32.Qg6+ Qxg6 33.Nxg6 Rf5 34.h4 Bf6 35.Ra1 Rfxf2
36.Rxa2 Rxa2 37.Rxf6 Kg7 38.Re6 e3 39.Nxe5  1-0

[Event "RUS-ch U16"]
[Site "Kaluga"]
[Date "1996.??.??"]
[Round "?"]
[White "Deviatkin, Andrei"]
[Black "Shaposhnikov, Evgeny"]
[Result "0-1"]
[WhiteElo "2160"]
[BlackElo "2320"]

1.e4 c5 2.Nf3 e6 3.d4 cxd4 4.Nxd4 a6 5.Bd3 Qc7 6.Nc3 Nf6 7.Qe2 d6 8.O-O Be7
9.a4 O-O 10.a5 e5 11.Nb3 Be6 12.Be3 Nbd7 13.f4 exf4 14.Bxf4 Ne5 15.Nd4 Nfd7
16.Nf5 Bf6 17.Ne3 Ng6 18.Ncd5 Bxd5 19.Nxd5 Nxf4 20.Nxf6+ Nxf6 21.Rxf4 Rfe8
22.Qf2  0-1

[Event "Kankaanpa op"]
[Site "Kankaanpa"]
[Date "1996.??.??"]
[Round "4"]
[White "Vetemaa, Juri"]
[Black "Vooremaa, Andres"]
[Result "1-0"]
[WhiteElo "2350"]
[BlackElo "2270"]

1.e4 c5 2.Nf3 e6 3.d4 cxd4 4.Nxd4 a6 5.Bd3 Qc7 6.O-O Nc6 7.c3 Nf6 8.Qe2 Be7
9.Nxc6 dxc6 10.e5 Nd7 11.f4 b5 12.Nd2 Bb7 13.Ne4 Nc5 14.Nxc5 Bxc5+ 15.Kh1 Be7
16.a4 g6 17.Be3 O-O 18.Rf3 f5 19.exf6 Bxf6 20.Bc5 Rfe8 21.Raf1 Rad8 22.Re3 Qf7
23.Re1 Bc8 24.Bb6 Rd7 25.f5 Rxd3 26.Qxd3 gxf5 27.Bd4  1-0

[Event "IND-ch"]
[Site "Kasaragod"]
[Date "1996.??.??"]
[Round "3"]
[White "Konguveel, Ponnuswamy"]
[Black "Kunte, Abhijit"]
[Result "1-0"]
[WhiteElo "2395"]
[BlackElo "2345"]

1.e4 c5 2.Nf3 e6 3.d4 cxd4 4.Nxd4 a6 5.Bd3 Nf6 6.O-O Qc7 7.Qe2 d6 8.c4 g6
9.Nc3 Bg7 10.Nf3 Nbd7 11.Bf4 Ng4 12.Rac1 Nge5 13.Rfd1 O-O 14.b3 b6 15.Bb1 Nxf3+
16.Qxf3 Ne5 17.Qe2 Bb7 18.Qd2 Rfd8 19.h3 Bf8 20.Bg5 Rdc8 21.f4 Nc6 22.Bf6 b5
23.cxb5 axb5 24.Kh1 Qa5 25.f5 b4 26.Ne2 Ne5 27.fxe6 fxe6 28.Nd4 Re8 29.Rf1 Nf7
30.Rce1 Rac8 31.a4 Rc3 32.Qd1 Rc5 33.Bd3 Ne5 34.Bb5 Nc6 35.Qf3 Qc7 36.Bc4 Nxd4
37.Bxd4 Rf5 38.Qe2 Rxf1+ 39.Rxf1 Bg7 40.Qd3 d5 41.exd5 exd5 42.Bb5 Re4 43.Bxg7 Kxg7
44.Qf3 Qe7 45.a5 d4 46.a6 Re5 47.Qd3 Qc5 48.Qc4 Bxg2+ 49.Kxg2 Rg5+ 50.Kh1 Qxb5
51.Qf7+ Kh6 52.Qf8+ Kh5 53.Qf3+ Kh6 54.a7 Rf5 55.a8=Q Qxf1+ 56.Qxf1 Rxf1+
57.Kg2 Rf5 58.Qe4 d3 59.Qxb4 Rd5 60.Qf8+ Kg5 61.h4+  1-0

[Event "IND-ch"]
[Site "Kasaragod"]
[Date "1996.??.??"]
[Round "10"]
[White "Mari Arul, S."]
[Black "Kunte, Abhijit"]
[Result "1/2-1/2"]
[WhiteElo "2325"]
[BlackElo "2345"]

1.e4 c5 2.Nf3 e6 3.d4 cxd4 4.Nxd4 a6 5.Bd3 Nf6 6.O-O Qc7 7.Qe2 d6 8.c4 Be7
9.f4 Nbd7 10.Nc3 b6 11.Nf3 Bb7 12.Bd2 O-O 13.Rae1 Rac8 14.Kh1 g6 15.Ng5 Rfe8
16.e5 Nh5 17.Nxf7 Kxf7 18.f5 exf5 19.e6+ Kg8 20.exd7 Qxd7 21.Bxf5 Ng3+ 22.hxg3 gxf5
23.Qh5 Bf6 24.Rxf5 Rxe1+ 25.Bxe1 Bg7 26.Qg4 Qe8 27.Bd2 Rd8 28.Nd5 Bxd5  1/2-1/2

[Event "IND-ch"]
[Site "Kasaragod"]
[Date "1996.??.??"]
[Round "10"]
[White "Shetty, Rahul"]
[Black "Gokhale, CS."]
[Result "1/2-1/2"]
[WhiteElo "2390"]
[BlackElo "2340"]

1.e4 c5 2.Nf3 e6 3.d4 cxd4 4.Nxd4 a6 5.Bd3 Nc6 6.Nxc6 bxc6 7.O-O d5 8.c4 Bb7
9.Nc3 d4 10.Nb1 Qc7 11.f4 f6 12.e5 f5 13.Nd2 c5 14.Nf3 Nh6 15.Bd2 a5 16.b3 Be7
17.a3 O-O 18.h3 Nf7 19.Qe2 Qb6 20.Rab1 Bc6 21.Kh2 Qb7 22.b4 axb4 23.axb4 Ra2
24.b5 Be4 25.Rbe1 Bxd3 26.Qxd3 Rfa8 27.Bc1 Bd8 28.Re2 Ra1 29.Rfe1 Ba5 30.Rd1 Bb6
31.Bb2 Rxd1 32.Qxd1 Ra2 33.Ne1 Qa8 34.Kg1 Kf8 35.Nd3 Nd8 36.Nc1 Ra4 37.Qc2 g6
38.g4 Ra7 39.Qb3 Rf7 40.g5 Ra7 41.h4 h5 42.gxh6 Rh7 43.Qa3 Qxa3 44.Bxa3 Ra7
45.Ra2 Kg8 46.Kf1 Kh7 47.Ke2 Kxh6 48.Kd3 Kh5 49.Ra1 Nb7 50.Nb3 Ra4 51.Ra2 Kxh4
52.Nxd4 Rxa3+ 53.Rxa3 cxd4 54.Ra8 Kg4 55.Rb8 Nc5+ 56.Kxd4 Ba7 57.Ra8 Bb6
58.Rb8 Ba7 59.Ra8  1/2-1/2

[Event "IND-ch"]
[Site "Kasaragod"]
[Date "1996.??.??"]
[Round "14"]
[White "Shetty, Rahul"]
[Black "Kunte, Abhijit"]
[Result "0-1"]
[WhiteElo "2390"]
[BlackElo "2345"]

1.e4 c5 2.Nf3 e6 3.d4 cxd4 4.Nxd4 a6 5.Bd3 Nf6 6.Nc3 Qc7 7.f4 Bb4 8.O-O Bc5
9.Be3 Qb6 10.Na4 Bxd4 11.Nxb6 Bxe3+ 12.Kh1 Bxb6 13.e5 Nd5 14.Qh5 Nc6 15.f5 d6
16.exd6 Nf6 17.Qg5 O-O 18.fxe6 fxe6 19.Rf3 Nd4 20.Rg3 Rf7 21.Rf1 Bd8 22.Bxh7+ Kxh7
23.Qh4+ Kg8 24.Qxd4 Bd7 25.c4 Rc8 26.c5 Bc6 27.Kg1 Bd5 28.a4 a5 29.b4 axb4
30.Qxb4 Ne4 31.Rg4 Nf6 32.Rgf4 Rf8 33.g4 Nd7 34.Rxf8+ Nxf8 35.Qf4 Bf6 36.g5 Ng6
37.Qf2 Bxg5 38.Qg3 Bh6 39.Rf6 Be3+ 40.Qxe3 gxf6 41.Qh6 Be4 42.h4 Rf8 43.Kf2 Ne5
44.Ke2 Rf7 45.Kd2 Nd7 46.Qe3 Bd5 47.h5 Rg7 48.a5 Ne5 49.Qf4 Nd7 50.Qb4 Kh7
51.Ke1 Ne5 52.Qb5 Bc6 53.Qb3 Rg1+ 54.Kf2 Rg2+ 55.Kf1 Bd5 56.Qb5 Bc4+ 57.Qxc4 Nxc4
58.Kxg2 Nxa5 59.d7 Nc6 60.Kf3  0-1